[Event "IECG CP.2006.P.00032 email"]
[Site "IECG email"]
[Date "2006.10.01"]
[Round "?"]
[White "Marusiak, Lech"]
[Black "Noceto, Gabriele"]
[Result "1/2-1/2"]
[WhiteElo "2320"]
[BlackElo "1560"]
[PlyCount "45"]
[EventDate "2006.10.01"]
[EventType "tourn (corr)"]
[EventRounds "6"]
[SourceTitle "Corr 2011"]
[Source "ChessBase"]
[SourceDate "2010.08.31"]
[SourceVersion "1"]
[SourceVersionDate "2010.08.31"]
[SourceQuality "1"]

1. d4 Nf6 2. Nf3 e6 3. Bf4 c5 4. e3 Qb6 5. Qc1 Nc6 6. c3 Be7 7. Nbd2 d5 8. Bd3 0-0 9. Qc2 Bd7 10. 0-0 h6 11. e4 Rac8 12. Rfe1 Rfe8 13. Rad1 Qd8 14. e5 b5 15. Nf1 Rf8 16. Bc1 a5 17. b4 Ne4 18. Re2 Rb8 19. Rde1 g6 20. Bf4 Bd6 21. g4 h5 22. Re3 Kh7 23. Ra1 1/2-1/2

[Event "IECG CP.2006.P.00032 email"]
[Site "IECG email"]
[Date "2006.10.01"]
[Round "?"]
[White "Marusiak, Lech"]
[Black "Wood, Brian B"]
[Result "1-0"]
[WhiteElo "2320"]
[BlackElo "946"]
[PlyCount "63"]
[EventDate "2006.10.01"]
[EventType "tourn (corr)"]
[EventRounds "6"]
[SourceTitle "Corr 2011"]
[Source "ChessBase"]
[SourceDate "2010.08.31"]
[SourceVersion "1"]
[SourceVersionDate "2010.08.31"]
[SourceQuality "1"]

1. d4 Nf6 2. Nf3 e6 3. c4 b6 4. e3 Be7 5. Bd3 0-0 6. 0-0 Nc6 7. a3 d5 8. cxd5 exd5 9. Qc2 Bb7 10. Nc3 a6 11. Re1 Re8 12. Bd2 h6 13. Rac1 Na7 14. Qb3 Bd6 15. Na4 Rb8 16. Bb4 Bxb4 17. Qxb4 Ne4 18. Qb3 Qd6 19. Red1 Re7 20. Nc3 Rbe8 21. Bxe4 dxe4 22. Ne5 Qe6 23. Qxe6 Rxe6 24. Ne2 R8e7 25. b4 Rf6 26. Rc2 Nc6 27. Nc4 b5 28. Nd2 Nd8 29. Rdc1 c6 30. Ng3 Rfe6 31. Nb3 g6 32. Nc5 1-0

[Event "IECG CM.2006.0.00305 email"]
[Site "IECG email"]
[Date "2006.08.27"]
[Round "?"]
[White "Marusiak, Lech"]
[Black "Bernal Varela, Nelson"]
[Result "1-0"]
[WhiteElo "2321"]
[BlackElo "2204"]
[PlyCount "37"]
[EventDate "2006.08.07"]
[EventType "tourn (corr)"]
[EventRounds "6"]
[SourceTitle "Corr 2011"]
[Source "ChessBase"]
[SourceDate "2010.08.31"]
[SourceVersion "1"]
[SourceVersionDate "2010.08.31"]
[SourceQuality "1"]

1. d4 Nf6 2. Nf3 e6 3. Bf4 b6 4. e3 Bb7 5. Bd3 Be7 6. Nbd2 0-0 7. Bg3 d6 8. c3 c5 9. 0-0 Nh5 10. dxc5 bxc5 11. Qc2 h6 12. e4 Nxg3 13. fxg3 Nd7 14. Nc4 Qc7 15. Rad1 Nb6 16. Nfd2 d5 17. exd5 Nxc4 18. Nxc4 e5 19. d6 1-0

[Event "IECG CM.2006.0.00305 email"]
[Site "IECG email"]
[Date "2006.08.27"]
[Round "?"]
[White "Marusiak, Lech"]
[Black "Woelfelschneider, Peter"]
[Result "0-1"]
[WhiteElo "2321"]
[BlackElo "2218"]
[PlyCount "56"]
[EventDate "2006.08.07"]
[EventType "tourn (corr)"]
[EventRounds "6"]
[SourceTitle "Corr 2011"]
[Source "ChessBase"]
[SourceDate "2010.08.31"]
[SourceVersion "1"]
[SourceVersionDate "2010.08.31"]
[SourceQuality "1"]

1. d4 d5 2. Bf4 Nf6 3. Nf3 Bf5 4. e3 e6 5. Bd3 Bxd3 6. Qxd3 c6 7. 0-0 Be7 8. c4 0-0 9. Nc3 Nh5 10. Be5 Nd7 11. c5 f6 12. Bg3 e5 13. Qf5 g6 14. Qh3 e4 15. Nd2 f5 16. Ne2 Qe8 17. Nf4 Nxf4 18. Bxf4 g5 19. Qg3 Qg6 20. Bc7 Rac8 21. Nb3 Rf7 22. Rac1 Nf6 23. h3 f4 24. exf4 Nh5 25. f5 Rxf5 26. Qh2 Nf4 27. Bxf4 gxf4 28. Na5 Bh4 0-1

[Event "IECG CM.2006.0.00305 email"]
[Site "IECG email"]
[Date "2006.08.27"]
[Round "?"]
[White "Sacerdotali, Sergio"]
[Black "Marusiak, Lech"]
[Result "1-0"]
[WhiteElo "2258"]
[BlackElo "2321"]
[PlyCount "91"]
[EventDate "2006.08.07"]
[EventType "tourn (corr)"]
[EventRounds "6"]
[SourceTitle "Corr 2008"]
[Source "ChessBase"]
[SourceDate "2008.06.24"]
[SourceVersion "1"]
[SourceVersionDate "2008.06.24"]
[SourceQuality "1"]

1. e4 c6 2. d4 d5 3. e5 Bf5 4. Nf3 e6 5. Be2 Ne7 6. 0-0 Bg6 7. Nbd2 Nd7 8. Nh4 Nf5 9. Nxg6 hxg6 10. Nf3 Be7 11. c3 c5 12. Rb1 cxd4 13. cxd4 Qb6 14. g4 Nh4 15. Nxh4 Rxh4 16. Qa4 Qc6 17. Qb3 Qb6 18. Qc3 Qc6 19. Qd3 Qb6 20. Bf4 Nb8 21. Rfd1 Nc6 22. b4 Rc8 23. Rdc1 Rd8 24. b5 Na5 25. Qd1 Kf8 26. a4 Rh3 27. Be3 f5 28. Bf1 Rh4 29. f3 Kf7 30. Rc3 Rdh8 31. Rb2 Nc6 32. Rg2 Na5 33. Qc1 Rh3 34. Rf2 R3h7 35. Rfc2 Rd8 36. Kh1 Rdh8 37. Bg1 Rd8 38. f4 Rh6 39. Be2 Rhh8 40. g5 Rh7 41. Kg2 Rdh8 42. Rc8 Rh3 43. R2c7 Rxc8 44. Rxc8 Rh7 45. Bf2 Bd8 46. Be1 1-0

[Event "IECG CM.2006.0.00295 email"]
[Site "IECG email"]
[Date "2006.02.11"]
[Round "?"]
[White "Marusiak, Lech"]
[Black "Guzman, Carlos M"]
[Result "1/2-1/2"]
[WhiteElo "2371"]
[BlackElo "2361"]
[PlyCount "82"]
[EventDate "2006.02.11"]
[EventType "tourn (corr)"]
[EventRounds "6"]
[SourceTitle "Corr 2008"]
[Source "ChessBase"]
[SourceDate "2008.06.24"]
[SourceVersion "1"]
[SourceVersionDate "2008.06.24"]
[SourceQuality "1"]

1. e4 e6 2. d4 d5 3. Nd2 Nc6 4. Ngf3 Nf6 5. e5 Nd7 6. Nb3 a5 7. a4 Be7 8. Bb5 Na7 9. Be2 b6 10. 0-0 0-0 11. Be3 c5 12. c3 Nc6 13. Ne1 Ba6 14. Bxa6 Rxa6 15. f4 f5 16. exf6 Rxf6 17. Nf3 Ra8 18. Qe2 Qc7 19. g3 Raf8 20. Nbd2 Bd6 21. Rfe1 Ne7 22. Bf2 Rg6 23. Nh4 Rh6 24. Ndf3 Nc6 25. Be3 Nf6 26. Ng5 Nd8 27. b3 Rxh4 28. gxh4 h6 29. Nh3 Ne4 30. Rac1 Rf5 31. Kh1 Be7 32. h5 Nb7 33. Nf2 Nbd6 34. dxc5 bxc5 35. Qa6 Qd7 36. Nxe4 Nxe4 37. Qxa5 e5 38. Qb5 Qc8 39. fxe5 Rf2 40. Bxf2 Nxf2+ 41. Kg1 Nh3+ 1/2-1/2

[Event "IECG WC.2006.T.00005 email"]
[Site "IECG email"]
[Date "2006.02.07"]
[Round "?"]
[White "Marusiak, Lech"]
[Black "Djoudi, Amar"]
[Result "1-0"]
[WhiteElo "2378"]
[BlackElo "2324"]
[PlyCount "143"]
[EventDate "2006.02.07"]
[EventType "tourn (corr)"]
[EventRounds "6"]
[SourceTitle "Corr 2008"]
[Source "ChessBase"]
[SourceDate "2008.06.24"]
[SourceVersion "1"]
[SourceVersionDate "2008.06.24"]
[SourceQuality "1"]

1. e4 c5 2. Nf3 Nc6 3. Bb5 g6 4. 0-0 Bg7 5. Bxc6 bxc6 6. Re1 Nh6 7. c3 0-0 8. h3 f6 9. d4 cxd4 10. cxd4 Nf7 11. Nc3 d6 12. Be3 Bd7 13. Qd2 Qc7 14. Rac1 Qb7 15. b3 Rad8 16. Qe2 d5 17. Qc2 e5 18. Na4 Qb8 19. Nc5 Bc8 20. dxe5 fxe5 21. Bd2 Rd6 22. b4 d4 23. Qb3 Kh8 24. a3 Qc7 25. Nd3 Qd8 26. Rc5 Rf6 27. Nh2 Qe7 28. Rec1 Rd6 29. f3 Bd7 30. Qa4 Ra8 31. Ng4 h5 32. Ngf2 Be8 33. f4 Re6 34. Re1 Rb8 35. Qd1 Kg8 36. f5 Rf6 37. fxg6 Rxg6 38. Qxh5 Nd6 39. Rxe5 Bxe5 40. Qxe5 Qxe5 41. Nxe5 Rg7 42. Bf4 Rd8 43. Nfg4 Nb5 44. Bh6 Rxg4 45. Nxg4 Nxa3 46. Ra1 Nb5 47. Bg5 Ra8 48. Nf6+ Kg7 49. h4 Bf7 50. Kf2 a6 51. Nd7 Nc3 52. Kf3 Be6 53. Nc5 Rf8+ 54. Bf4 Bc4 55. g3 Be2+ 56. Kf2 Kf7 57. Re1 Bg4 58. Nd3 Kg8 59. Ne5 Bh5 60. Nxc6 Nd1+ 61. Rxd1 Bxd1 62. Nxd4 Rc8 63. Nf5 Rc4 64. Ne3 Rd4 65. Nxd1 Rxd1 66. Ke3 Kf7 67. h5 Ke6 68. Kf3 Rb1 69. g4 Rb3+ 70. Be3 Rxb4 71. g5 Kf7 72. Kf4 1-0

[Event "IECG CM.2005.0.00285"]
[Site "IECG email"]
[Date "2005.08.28"]
[Round "?"]
[White "Ingersol, Harry"]
[Black "Marusiak, Lech"]
[Result "1-0"]
[WhiteElo "2400"]
[BlackElo "2467"]
[PlyCount "33"]
[EventDate "2005.08.28"]
[EventType "tourn (corr)"]
[EventRounds "6"]
[SourceTitle "Corr 2008"]
[Source "ChessBase"]
[SourceDate "2008.06.24"]
[SourceVersion "1"]
[SourceVersionDate "2008.06.24"]
[SourceQuality "1"]

1. d4 d5 2. c4 Nf6 3. cxd5 Nxd5 4. Nf3 g6 5. e4 Nb6 6. h3 Bg7 7. Be2 0-0 8. 0-0 c5 9. dxc5 Qxd1 10. Rxd1 Na4 11. e5 Nc6 12. Nc3 Nxc5 13. Nd5 Be6 14. Be3 Bxd5 15. Rxd5 Ne6 16. Bb5 Ned8 17. Ba4 1-0

[Event "IECG CM.2005.0.00274 email"]
[Site "IECG email"]
[Date "2005.04.24"]
[Round "?"]
[White "Lafarga Santorroman, David"]
[Black "Marusiak, Lech"]
[Result "1-0"]
[WhiteElo "2535"]
[BlackElo "2467"]
[PlyCount "69"]
[EventDate "2005.04.24"]
[EventType "tourn (corr)"]
[EventRounds "6"]
[SourceTitle "Corr 2008"]
[Source "ChessBase"]
[SourceDate "2008.06.24"]
[SourceVersion "1"]
[SourceVersionDate "2008.06.24"]
[SourceQuality "1"]

1. Nf3 Nf6 2. c4 g6 3. Nc3 Bg7 4. e4 c5 5. d4 cxd4 6. Nxd4 0-0 7. Be2 d6 8. 0-0 Nc6 9. Nc2 Nd7 10. Bd2 Nc5 11. b4 Ne6 12. Rc1 a5 13. a3 axb4 14. axb4 Ned4 15. Nxd4 Nxd4 16. Be3 Nxe2+ 17. Qxe2 Be6 18. Rfd1 Qd7 19. Bd4 Bh6 20. Rb1 Rac8 21. c5 Rfd8 22. e5 d5 23. b5 Ra8 24. Qb2 Bf5 25. Ra1 Bf8 26. Na4 Qe8 27. Nb6 Rxa1 28. Rxa1 Bd3 29. Ra5 e6 30. Qb3 Be2 31. Qa4 Rb8 32. h3 Qd8 33. Ra7 h5 34. c6 bxc6 35. bxc6 1-0

[Event "IECG CM.2005.0.00274 email"]
[Site "IECG email"]
[Date "2005.04.24"]
[Round "?"]
[White "Raimbert, Ronald"]
[Black "Marusiak, Lech"]
[Result "0-1"]
[WhiteElo "2458"]
[BlackElo "2467"]
[PlyCount "100"]
[EventDate "2005.04.24"]
[EventType "tourn (corr)"]
[EventRounds "6"]
[SourceTitle "Corr 2008"]
[Source "ChessBase"]
[SourceDate "2008.06.24"]
[SourceVersion "1"]
[SourceVersionDate "2008.06.24"]
[SourceQuality "1"]

1. e4 c5 2. Nf3 e6 3. d4 cxd4 4. Nxd4 a6 5. Bd3 Bc5 6. Nb3 Be7 7. 0-0 d6 8. Nc3 Nf6 9. Be3 Nc6 10. f4 0-0 11. Qe2 b5 12. Rad1 Qc7 13. a3 b4 14. axb4 Nxb4 15. Ra1 Rb8 16. h3 Nxd3 17. Qxd3 Rb4 18. Bd2 d5 19. exd5 Rd8 20. Rf2 Nxd5 21. Nxd5 Rxd5 22. Qg3 Rbb5 23. Bc3 f6 24. Re2 Bd6 25. Re4 e5 26. fxe5 Bxe5 27. Bxe5 Rxe5 28. Rd4 Qxc2 29. Rc1 Rxb3 30. Rxc2 Rxg3 31. Rxc8+ Kf7 32. Kh2 Reg5 33. Rc7+ Kg6 34. Rd2 a5 35. Rb7 h5 36. b4 Rb3 37. Rdd7 axb4 38. h4 Rg4 39. Rxg7+ Kf5 40. Rxg4 Kxg4 41. Rg7+ Kf5 42. Rb7 Rb1 43. Rb6 Ke4 44. Rxf6 Rc1 45. Rb6 Rc4 46. Rb5 Kd3 47. Rxh5 b3 48. Rb5 Kc2 49. Kh3 b2 50. g3 Kc3 0-1

[Event "IECG CM.2005.0.00270 email"]
[Site "IECG email"]
[Date "2005.03.16"]
[Round "?"]
[White "Staroske, Uwe"]
[Black "Marusiak, Lech"]
[Result "1/2-1/2"]
[WhiteElo "2455"]
[BlackElo "2467"]
[PlyCount "66"]
[EventDate "2005.03.16"]
[EventType "tourn (corr)"]
[EventRounds "6"]
[SourceTitle "Corr 2008"]
[Source "ChessBase"]
[SourceDate "2008.06.24"]
[SourceVersion "1"]
[SourceVersionDate "2008.06.24"]
[SourceQuality "1"]

1. d4 Nf6 2. Nf3 g6 3. Bf4 Bg7 4. e3 d6 5. h3 0-0 6. Be2 c5 7. c3 cxd4 8. cxd4 Qb6 9. Qb3 Qxb3 10. axb3 Bf5 11. Nc3 Nc6 12. 0-0 Nb4 13. Nd2 d5 14. Ra4 Nd3 15. Be5 Nxe5 16. dxe5 Ne4 17. Ndxe4 dxe4 18. Rfa1 a6 19. Ra5 Rac8 20. b4 Be6 21. b5 Bxe5 22. bxa6 Bxc3 23. bxc3 bxa6 24. R1a3 Rc7 25. R5a4 f5 26. Rxa6 Kf7 27. Ra7 Rxa7 28. Rxa7 Rc8 29. Ra3 Rb8 30. f4 exf3 31. Bxf3 Rb2 32. Ra7 g5 33. g4 Rc2 1/2-1/2